[Event "DEM U16w 2014"]
[Site "Magdeburg GER"]
[Date "2014.06.08"]
[Round "2"]
[White "Titgemeyer, Eva Maria"]
[Black "Winterberg, Johanna"]
[Result "1/2-1/2"]
[Termination "normal"]
[Board "12"]
[WhiteElo "1496"]
[BlackElo "1369"]
[PlyCount "48"]
[WhiteFideId "24655350"]
[BlackFideId "12929344"]
[EventCountry "GER"]
[EventRounds "9"]
[EventType "swiss"]
[EventDate "2014.06.07"]

1. e4 c5 2. Nf3 Nc6 3. d4 cxd4 4. Nxd4 g6 5. Nc3 Bg7 6. Be3 d6 7. Qd2 Nf6 8. f3
O-O 9. Nxc6 bxc6 10. Bh6 Rb8 11. Bxg7 Kxg7 12. Bc4 e6 13. O-O-O d5 14. Qf4 Qb6
15. Bb3 Ba6 16. e5 Nd7 17. h4 h6 18. h5 g5 19. Qd2 Nxe5 20. f4 Nc4 21. Qd4+
Qxd4 22. Rxd4 c5 23. Rdd1 gxf4 24. Rh4 Kf6 1/2-1/2

[Event "DEM U16w 2014"]
[Site "Magdeburg GER"]
[Date "2014.06.08"]
[Round "2"]
[White "Silber, Stefanie"]
[Black "Denk, Corinna"]
[Result "1-0"]
[Termination "normal"]
[Board "14"]
[WhiteElo "1404"]
[BlackElo "1221"]
[PlyCount "116"]
[WhiteFideId "12918245"]
[BlackFideId "12988545"]
[EventCountry "GER"]
[EventRounds "9"]
[EventType "swiss"]
[EventDate "2014.06.07"]

1. e4 e5 2. Nf3 d6 3. d4 exd4 4. Nxd4 g6 5. Bc4 Bg7 6. c3 Ne7 7. Be3 O-O 8. O-O
Nbc6 9. Nd2 Ne5 10. Bb3 c5 11. N4f3 Bg4 12. h3 Bh5 13. Bc4 Nxc4 14. Nxc4 Bxf3
15. Qxf3 b5 16. Nd2 f5 17. Bf4 Be5 18. Qe3 Bxf4 19. Qxf4 fxe4 20. Qxe4 d5 21.
Qe6+ Rf7 22. Nf3 Qc8 23. Qd6 Qc6 24. Qe5 Qf6 25. Qe3 Rc8 26. Rad1 Nf5 27. Qe2
Qc6 28. Qd3 c4 29. Qxd5 Qxd5 30. Rxd5 a6 31. Rfd1 Re7 32. g4 Ng7 33. Kf1 Ne6
34. Re5 Kf7 35. Rde1 Rce8 36. R5e4 h6 37. Ne5+ Kf6 38. Nc6 Rc7 39. Nd4 Rce7 40.
Nxe6 Rxe6 41. Rxe6+ Rxe6 42. Rxe6+ Kxe6 43. Ke2 Ke5 44. Ke3 g5 45. a3 a5 46. f3
a4 47. Ke2 Kd5 48. Kf2 Ke6 49. f4 gxf4 50. Kf3 Kf6 51. Kxf4 Kg6 52. h4 h5 53.
g5 Kf7 54. Kf5 Kg7 55. g6 Kg8 56. Kf6 Kf8 57. g7+ Kg8 58. Kg6 b4 1-0

[Event "DEM U16w 2014"]
[Site "Magdeburg GER"]
[Date "2014.06.08"]
[Round "2"]
[White "Merker, Vivien"]
[Black "Morio, Estelle"]
[Result "0-1"]
[Termination "normal"]
[Board "15"]
[WhiteElo "1221"]
[BlackElo "1513"]
[PlyCount "60"]
[WhiteFideId "12927260"]
[BlackFideId "12951951"]
[EventCountry "GER"]
[EventRounds "9"]
[EventType "swiss"]
[EventDate "2014.06.07"]

1. e4 d6 2. d4 Nf6 3. Nc3 Nbd7 4. Bc4 e5 5. Nf3 Be7 6. O-O O-O 7. Be3 c6 8. Bb3
Qc7 9. Qd2 h6 10. Bxh6 gxh6 11. Qxh6 Nh7 12. Qg6+ Kh8 13. Bxf7 exd4 14. Ne2 Ne5
15. Nxe5 dxe5 16. Bb3 Qd6 17. Qh5 Qf6 18. Rad1 Qg7 19. f4 Bg4 20. Qxe5 Bxe2 21.
Qxg7+ Kxg7 22. f5 Bxd1 23. Rxd1 Ng5 24. Re1 Rae8 25. Bc4 Bd6 26. Bd3 Rxf5 27.
h4 Nf7 28. Rf1 Rxf1+ 29. Kxf1 Rh8 30. Kf2 Rxh4 0-1

[Event "DEM U16w 2014"]
[Site "Magdeburg GER"]
[Date "2014.06.09"]
[Round "3"]
[White "Manusina, Nicole"]
[Black "Heinemann, Josefine"]
[Result "1/2-1/2"]
[Termination "normal"]
[Board "1"]
[WhiteElo "1871"]
[BlackElo "2024"]
[PlyCount "81"]
[WhiteFideId "24657514"]
[BlackFideId "12900460"]
[EventCountry "GER"]
[EventRounds "9"]
[EventType "swiss"]
[EventDate "2014.06.07"]

1. d4 Nf6 2. c4 g6 3. Nc3 d5 4. h4 c5 5. dxc5 d4 6. Nb5 Nc6 7. e3 e5 8. exd4
Nxd4 9. Bg5 Bxc5 10. Nf3 Bg4 11. Be2 Bxf3 12. Bxf3 O-O 13. O-O Qb6 14. b4 Be7
15. Nxd4 exd4 16. a3 Rad8 17. Re1 Rfe8 18. c5 Qc7 19. Qa4 Kf8 20. Qxa7 Nd5 21.
Bxd5 Rxd5 22. Qa4 Rdd8 23. Bh6+ Kg8 24. Re4 d3 25. Rae1 Qd7 26. Qxd7 Rxd7 27.
Bg5 f6 28. Bxf6 Kf7 29. Bc3 Bf6 30. Bd2 Ra8 31. b5 Rxa3 32. Rc4 Ra2 33. c6 bxc6
34. bxc6 Rc7 35. Bf4 Rc8 36. Rd1 Rc2 37. Re4 Re2 38. Rxe2 dxe2 39. Re1 Rxc6 40.
Rxe2 Bxh4 41. g3 1/2-1/2

[Event "DEM U16w 2014"]
[Site "Magdeburg GER"]
[Date "2014.06.09"]
[Round "3"]
[White "Fesselier, Melissa"]
[Black "Kempe, Anne"]
[Result "1-0"]
[Termination "normal"]
[Board "2"]
[WhiteElo "1818"]
[BlackElo "1805"]
[PlyCount "87"]
[WhiteFideId "20689284"]
[BlackFideId "12918083"]
[EventCountry "GER"]
[EventRounds "9"]
[EventType "swiss"]
[EventDate "2014.06.07"]

1. e4 c5 2. Nc3 Nc6 3. Bb5 d6 4. f4 e6 5. Nf3 Be7 6. O-O Nf6 7. Kh1 O-O 8. d4
d5 9. e5 Ne8 10. Be3 c4 11. Ng1 Nb8 12. Bxe8 Qxe8 13. Rf3 f5 14. Rh3 b5 15. a3
a5 16. g4 Ba6 17. gxf5 Rxf5 18. Qf3 Nc6 19. Nge2 Qd7 20. Rg1 Bd8 21. Ng3 Rf7
22. Nh5 Ra7 23. Rhg3 g6 24. Qg2 Kf8 25. f5 exf5 26. Bh6+ Ke8 27. e6 Qxe6 28.
Re3 Qxe3 29. Bxe3 Rae7 30. Bg5 Re6 31. Nf4 Rd6 32. Re1+ Kd7 33. Bxd8 Kxd8 34.
Ne6+ Kc8 35. Nc5 Nxd4 36. Nxa6 Rxa6 37. Qxd5 Rd7 38. Re8+ Kc7 39. Qe5+ Rad6 40.
Qc5+ Rc6 41. Nd5+ Kb7 42. Qxd4 Rcd6 43. Qf4 Rxd5 44. Qb8+ 1-0

[Event "DEM U16w 2014"]
[Site "Magdeburg GER"]
[Date "2014.06.09"]
[Round "3"]
[White "Bluhm, Sonja Maria"]
[Black "Zahn, Alina"]
[Result "1-0"]
[Termination "normal"]
[Board "3"]
[WhiteElo "2095"]
[BlackElo "1974"]
[PlyCount "112"]
[WhiteFideId "24654027"]
[BlackFideId "24696730"]
[EventCountry "GER"]
[EventRounds "9"]
[EventType "swiss"]
[EventDate "2014.06.07"]

1. e4 e5 2. Nf3 Nc6 3. Bb5 a6 4. Ba4 Nf6 5. d3 b5 6. Bb3 Be7 7. a4 b4 8. O-O
O-O 9. Nbd2 d6 10. Re1 Na5 11. Ba2 c5 12. c3 bxc3 13. bxc3 Bd7 14. d4 cxd4 15.
cxd4 exd4 16. Nxd4 Nc6 17. N2f3 Ne5 18. Bf4 Ng6 19. Bg3 Nh5 20. Nf5 Nxg3 21.
hxg3 Bf6 22. Rc1 Bxf5 23. exf5 Ne5 24. Qd5 Qb6 25. Nd2 Ng4 26. Ne4 Bd4 27. Rf1
Nf6 28. Nxf6+ Bxf6 29. Rc6 Qb4 30. a5 Qb5 31. Rxd6 Qxd5 32. Rxd5 Ra7 33. Rfd1
h6 34. Rd7 Rxd7 35. Rxd7 Bc3 36. Ra7 Bxa5 37. Rxa6 Bc3 38. Ra7 Bf6 39. Rd7 Bg5
40. Kh2 Bf6 41. Kh3 Bc3 42. f4 Bb2 43. Kg4 Bc3 44. Kh5 Be1 45. Kg4 Bc3 46. Kh3
Bf6 47. g4 Kh8 48. Bxf7 Ra8 49. Rb7 Rf8 50. g5 hxg5 51. fxg5 Bxg5 52. Kg4 Bf6
53. Kh5 Kh7 54. g4 Bd4 55. g5 Be3 56. f6 Bd4

[Event "DEM U16w 2014"]
[Site "Magdeburg GER"]
[Date "2014.06.09"]
[Round "3"]
[White "Wiesner, Paula"]
[Black "Brandl, Lea Maria"]
[Result "1-0"]
[Termination "normal"]
[Board "4"]
[WhiteElo "1949"]
[BlackElo "1775"]
[PlyCount "85"]
[WhiteFideId "24654019"]
[BlackFideId "24693049"]
[EventCountry "GER"]
[EventRounds "9"]
[EventType "swiss"]
[EventDate "2014.06.07"]

1. e4 c5 2. c3 Nf6 3. e5 Nd5 4. d4 cxd4 5. Nf3 Nc6 6. Bc4 Nb6 7. Bb3 d6 8. exd6
Qxd6 9. Na3 a6 10. cxd4 e6 11. O-O Be7 12. Be3 O-O 13. Qe2 Rd8 14. Rfd1 Nd5 15.
Nc4 Qc7 16. Nce5 Nxe5 17. Nxe5 Bf6 18. Rac1 Qe7 19. Ng4 b5 20. Rc5 Bb7 21. Rdc1
Rac8 22. a3 Rxc5 23. Rxc5 Ba8 24. Qc2 h5 25. Bxd5 Bxd5 26. Rc7 Rd7 27. Nxf6+
gxf6 28. Rc3 Rd8 29. Bh6 h4 30. Qe2 f5 31. Qe5 f6 32. Qf4 Kf7 33. Qxh4 Ke8 34.
Rg3 e5 35. dxe5 Qxe5 36. h3 Be6 37. Kh2 a5 38. Bf4 Qxb2 39. Qh5+ Kd7 40. Rg7+
Kc6 41. Qf3+ Rd5 42. Rc7+ Kb6 43. Qe3+ 1-0

[Event "DEM U16w 2014"]
[Site "Magdeburg GER"]
[Date "2014.06.09"]
[Round "3"]
[White "Schwarz, Larissa"]
[Black "Gaßmann, Linda"]
[Result "1/2-1/2"]
[Termination "normal"]
[Board "5"]
[WhiteElo "1895"]
[BlackElo "1844"]
[PlyCount "98"]
[WhiteFideId "24699004"]
[BlackFideId "12900451"]
[EventCountry "GER"]
[EventRounds "9"]
[EventType "swiss"]
[EventDate "2014.06.07"]

1. e4 d5 2. exd5 Qxd5 3. Nc3 Qd6 4. d4 c6 5. Nf3 Bg4 6. Be3 Nf6 7. g3 Nbd7 8.
Bg2 e6 9. O-O Nb6 10. Qe2 Be7 11. Rad1 O-O 12. a3 Nbd5 13. Nxd5 cxd5 14. Rc1
Rac8 15. c4 Qa6 16. h3 Bxf3 17. Bxf3 Rxc4 18. Rxc4 Qxc4 19. Qd2 Rc8 20. Qa5 Qb3
21. Qxa7 Qxb2 22. a4 Bd6 23. Kg2 h6 24. Rd1 Nd7 25. Qa5 Bc7 26. Qe1 Nb6 27. Rb1
Qa2 28. a5 Nc4 29. Rxb7 Bxa5 30. Qc1 Nd6 31. Qb2 Qxb2 32. Rxb2 Nc4 33. Ra2 Bb6
34. Be2 Nxe3+ 35. fxe3 Rc3 36. Kf2 e5 37. Rb2 Bc7 38. Rd2 exd4 39. Rxd4 Bb6 40.
Rd3 Rxd3 41. Bxd3 g6 42. Kf3 Kg7 43. g4 Kf6 44. Bb1 Ke5 45. Ba2 f5 46. gxf5
gxf5 47. Bb1 Bd8 48. Ba2 Bg5 49. Bb3 Be7 1/2-1/2

[Event "DEM U16w 2014"]
[Site "Magdeburg GER"]
[Date "2014.06.09"]
[Round "3"]
[White "Koch, Elisabeth"]
[Black "Rosmait, Emily"]
[Result "1-0"]
[Termination "normal"]
[Board "6"]
[WhiteElo "1731"]
[BlackElo "1771"]
[PlyCount "85"]
[WhiteFideId "24695068"]
[BlackFideId "12937754"]
[EventCountry "GER"]
[EventRounds "9"]
[EventType "swiss"]
[EventDate "2014.06.07"]

1. e4 d6 2. Nc3 Nf6 3. d4 g6 4. f4 Bg7 5. Nf3 O-O 6. Bd3 c6 7. O-O b5 8. e5
dxe5 9. dxe5 Nd5 10. Nxd5 Qxd5 11. Qe1 Na6 12. Be4 Qd7 13. Be3 Nc7 14. Rd1 Nd5
15. Bc5 Qc7 16. Nd4 Rd8 17. Qh4 e6 18. Bd6 Qb6 19. Bc5 Qc7 20. Nxc6 Re8 21.
Bxd5 exd5 22. Ne7+ Kh8 23. Bd6 Qxc2 24. Nxd5 Bb7 25. Qf2 Qxf2+ 26. Rxf2 Rac8
27. Nc7 Red8 28. Nxb5 a6 29. Nc3 Rc4 30. g3 h5 31. Rfd2 Kh7 32. Be7 Re8 33. Rd7
Bf3 34. R1d6 Bg4 35. Ra7 Be6 36. Rdxa6 Bc8 37. Ra4 Rc6 38. Rd4 Rxe7 39. Rxe7
Bf8 40. Rxf7+ Kg8 41. Rxf8+ Kxf8 42. Kf2 Rc7 43. Ke3 1-0

[Event "DEM U16w 2014"]
[Site "Magdeburg GER"]
[Date "2014.06.09"]
[Round "3"]
[White "Weber, Sandra"]
[Black "Nobis, Anna"]
[Result "1/2-1/2"]
[Termination "normal"]
[Board "7"]
[WhiteElo "1774"]
[BlackElo "1797"]
[PlyCount "49"]
[WhiteFideId "1270049"]
[BlackFideId "1270302"]
[EventCountry "GER"]
[EventRounds "9"]
[EventType "swiss"]
[EventDate "2014.06.07"]

1. e4 c5 2. Nf3 Nc6 3. Nc3 d6 4. d4 cxd4 5. Nxd4 e5 6. Nf5 Bxf5 7. exf5 Nf6 8.
Bg5 Be7 9. Bxf6 Bxf6 10. Nd5 O-O 11. c3 Re8 12. Bc4 e4 13. O-O a6 14. a3 Be5
15. Qh5 b5 16. Ba2 Na5 17. Ne3 Qc7 18. Bd5 Ra7 19. Rfe1 Nb7 20. Ng4 Nc5 21. Re3
Qe7 22. Kh1 Bf6 23. Rh3 h6 24. Rg3 Kh7 25. Re1 1/2-1/2

[Event "DEM U16w 2014"]
[Site "Magdeburg GER"]
[Date "2014.06.09"]
[Round "3"]
[White "Kluge, Leyla"]
[Black "Schneider, Sabrina"]
[Result "1-0"]
[Termination "normal"]
[Board "8"]
[WhiteElo "1702"]
[BlackElo "1630"]
[PlyCount "117"]
[WhiteFideId "12918172"]
[BlackFideId "12951986"]
[EventCountry "GER"]
[EventRounds "9"]
[EventType "swiss"]
[EventDate "2014.06.07"]

1. c4 e5 2. Nc3 Nc6 3. g3 g6 4. Bg2 Bg7 5. e3 d6 6. Nge2 Be6 7. d3 f5 8. Nd5
Qd7 9. Qb3 Rb8 10. Bd2 Nf6 11. Rc1 Nd8 12. Ba5 b6 13. Bd2 c6 14. Nb4 a5 15. Na6
Rb7 16. Qa4 O-O 17. b4 axb4 18. Nxb4 Ra7 19. Qb3 b5 20. O-O bxc4 21. dxc4 c5
22. Nd5 Nc6 23. Nb6 Qc7 24. Qb5 Nd8 25. a4 e4 26. Nf4 Bd7 27. Nxd7 Qxd7 28. Bc3
Rxa4 29. Qxd7 Nxd7 30. Bxg7 Kxg7 31. Rfd1 Rf6 32. Nd5 Rf8 33. Nc7 Ne5 34. Rxd6
Kf7 35. Bf1 Ndc6 36. Rd5 Rc8 37. Nb5 Nf3+ 38. Kg2 Ke6 39. Rxc5 Nfe5 40. Rd1 Ra2
41. Rd6+ Ke7 42. Rdd5 Ng4 43. Kg1 Rb2 44. h3 Nf6 45. Rd1 Nd7 46. Rcd5 Nce5 47.
Nd6 Rc7 48. Nb5 Rc8 49. Na3 Ra2 50. Nb5 Rb2 51. Rc1 Nf3+ 52. Kg2 Nb6 53. Rdd1
Nd2 54. Ra1 Nxf1 55. Kxf1 Nxc4 56. Ra7+ Ke8 57. Nc7+ Kf7 58. Nd5+ Kg8 59. Ne7+
1-0

[Event "DEM U16w 2014"]
[Site "Magdeburg GER"]
[Date "2014.06.09"]
[Round "3"]
[White "Alsheimer, Lea"]
[Black "Böhm, Jana"]
[Result "0-1"]
[Termination "normal"]
[Board "9"]
[WhiteElo "1663"]
[BlackElo "1773"]
[PlyCount "41"]
[WhiteFideId "12918180"]
[BlackFideId "24661589"]
[EventCountry "GER"]
[EventRounds "9"]
[EventType "swiss"]
[EventDate "2014.06.07"]

1. e4 e6 2. b3 d5 3. Bb2 dxe4 4. Nc3 Nf6 5. g4 Be7 6. g5 Nd5 7. Nxe4 Bxg5 8.
Nxg5 Qxg5 9. Nf3 Qh6 10. Qe2 Nc6 11. Qe4 Bd7 12. Bc4 O-O-O 13. Bxd5 exd5 14.
Qd3 Rhe8+ 15. Kd1 Bg4 16. h3 d4 17. Rh2 Ne5 18. hxg4 Nxd3 19. Rxh6 Nxb2+ 20.
Kc1 Nd3+ 21. cxd3 0-1

[Event "DEM U16w 2014"]
[Site "Magdeburg GER"]
[Date "2014.06.09"]
[Round "3"]
[White "Schumann, Rabea"]
[Black "Silber, Stefanie"]
[Result "1-0"]
[Termination "normal"]
[Board "10"]
[WhiteElo "1680"]
[BlackElo "1404"]
[PlyCount "49"]
[WhiteFideId "12918199"]
[BlackFideId "12918245"]
[EventCountry "GER"]
[EventRounds "9"]
[EventType "swiss"]
[EventDate "2014.06.07"]

1. c4 e5 2. g3 Nf6 3. Bg2 Bc5 4. Nc3 O-O 5. e3 a6 6. Nge2 Nc6 7. O-O d6 8. a3
Ba7 9. d4 exd4 10. Nxd4 Bg4 11. Nxc6 bxc6 12. Qa4 Bb6 13. Bxc6 Ra7 14. Nd5 Nd7
15. c5 Bxc5 16. Qxg4 Ne5 17. Qa4 Nxc6 18. Qxc6 a5 19. Bd2 Bb6 20. Rfd1 Re8 21.
Rac1 Re6 22. Nxb6 cxb6 23. Qxb6 Rd7 24. Qxd8+ Rxd8 25. Bxa5 1-0

[Event "DEM U16w 2014"]
[Site "Magdeburg GER"]
[Date "2014.06.09"]
[Round "3"]
[White "Morio, Estelle"]
[Black "Lemke, Berfîn"]
[Result "0-1"]
[Termination "normal"]
[Board "11"]
[WhiteElo "1513"]
[BlackElo "1613"]
[PlyCount "117"]
[WhiteFideId "12951951"]
[BlackFideId "1270578"]
[EventCountry "GER"]
[EventRounds "9"]
[EventType "swiss"]
[EventDate "2014.06.07"]

1. f4 d5 2. b3 Nf6 3. Bb2 g6 4. Nf3 Bg7 5. e3 O-O 6. Be2 c5 7. O-O Nc6 8. Ne5
d4 9. Nxc6 bxc6 10. Bf3 Nd5 11. Re1 Be6 12. Na3 dxe3 13. Bxg7 e2 14. Qxe2 Kxg7
15. c4 Nb4 16. Qe5+ Kg8 17. Qc3 Bf5 18. Be4 Bxe4 19. Rxe4 Nd3 20. Rf1 Qd6 21.
Rf3 Rad8 22. g3 Nb4 23. Re2 Nxa2 24. Qe3 e6 25. Nc2 Nc1 26. Re1 Nd3 27. Re2 a5
28. Rf1 Rb8 29. Rf3 Rxb3 30. Qe4 Rb1+ 31. Kg2 Nb4 32. Ne1 Rd1 33. Nd3 Qd4 34.
Qxd4 cxd4 35. Nxb4 axb4 36. c5 Rd8 37. Rb3 Rb8 38. Kf3 Rc1 39. Re5 d3 40. Ke3
Rd1 41. Re4 Rc1 42. Rexb4 Rxb4 43. Rxb4 Rxc5 44. Kxd3 Kf8 45. Rb7 Ke8 46. Ke3
e5 47. fxe5 Rxe5+ 48. Kf3 Re7 49. Rxe7+ Kxe7 50. Ke3 Ke6 51. g4 f5 52. g5 Ke5
53. h4 c5 54. d3 f4+ 55. Kf3 Kf5 56. Kg2 Kg4 57. Kf2 f3 58. Kg1 Kg3 59. Kf1 0-1

[Event "DEM U16w 2014"]
[Site "Magdeburg GER"]
[Date "2014.06.09"]
[Round "3"]
[White "Titgemeyer, Eva Maria"]
[Black "Bork, Sophie"]
[Result "0-1"]
[Termination "normal"]
[Board "12"]
[WhiteElo "1496"]
[BlackElo "1539"]
[PlyCount "116"]
[WhiteFideId "24655350"]
[BlackFideId "12905429"]
[EventCountry "GER"]
[EventRounds "9"]
[EventType "swiss"]
[EventDate "2014.06.07"]

1. e4 e5 2. Nf3 Nc6 3. Bc4 Bc5 4. O-O d6 5. d3 Nf6 6. c3 a6 7. Nbd2 O-O 8. h3
Ba7 9. Re1 Na5 10. b4 Nxc4 11. Nxc4 Re8 12. Be3 Be6 13. Bxa7 Rxa7 14. Ne3 c6
15. Nh4 Nxe4 16. dxe4 Qxh4 17. Qxd6 Raa8 18. a4 Rad8 19. Qc5 Rd2 20. Nf1 Rdd8
21. Ng3 Qg5 22. Qb6 Rd7 23. Rad1 Red8 24. Rxd7 Rxd7 25. Qc5 h5 26. Qe3 Qxe3 27.
Rxe3 Rd1+ 28. Kh2 g6 29. f3 Bc4 30. Nh1 Rd2 31. Kg1 Rd1+ 32. Kh2 a5 33. Nf2 Ra1
34. Nd3 Bxd3 35. Rxd3 Rxa4 36. bxa5 Rxa5 37. Rd8+ Kg7 38. Rb8 Rb5 39. Kg1 Rb3
40. c4 Kf6 41. Kf2 Ke7 42. c5 Rb5 43. Ke3 Kd7 44. Rf8 Rxc5 45. Rxf7+ Kc8 46.
Rg7 b5 47. Ra7 b4 48. Ra6 Kb7 49. Ra1 Rc3+ 50. Kd2 c5 51. Rb1 Kb6 52. Rb2 Kb5
53. h4 Ka4 54. Ra2+ Kb3 55. Ra1 Rc2+ 56. Kd1 Kb2 57. Ra5 b3 58. g3 c4 0-1

[Event "DEM U16w 2014"]
[Site "Magdeburg GER"]
[Date "2014.06.09"]
[Round "3"]
[White "Winterberg, Johanna"]
[Black "Gatzke, Carolin"]
[Result "0-1"]
[Termination "normal"]
[Board "13"]
[WhiteElo "1369"]
[BlackElo "1726"]
[PlyCount "64"]
[WhiteFideId "12929344"]
[BlackFideId "12943746"]
[EventCountry "GER"]
[EventRounds "9"]
[EventType "swiss"]
[EventDate "2014.06.07"]

1. e4 c5 2. Nc3 a6 3. g3 b5 4. Bg2 Bb7 5. d3 d6 6. f4 e6 7. Nf3 d5 8. O-O Be7
9. Qe1 Nf6 10. e5 Nfd7 11. Bd2 O-O 12. g4 Nc6 13. Ne2 Re8 14. Qg3 f6 15. f5
Ndxe5 16. Nxe5 Nxe5 17. fxe6 Bd6 18. Nf4 Ng6 19. Rae1 Be5 20. Qf3 Nh4 21. Qf2
Nxg2 22. Qxg2 Bxf4 23. Rxf4 Qd6 24. Qf2 d4 25. Qe2 Qc6 26. Qe4 Qxe4 27. dxe4
Rxe6 28. Kf2 Rae8 29. Kf3 g5 30. Rf5 Bxe4+ 31. Rxe4 Rxe4 32. Rxf6 R4e6 0-1

[Event "DEM U16w 2014"]
[Site "Magdeburg GER"]
[Date "2014.06.09"]
[Round "3"]
[White "Denk, Corinna"]
[Black "Schmid, Katharina"]
[Result "1/2-1/2"]
[Termination "normal"]
[Board "14"]
[WhiteElo "1221"]
[BlackElo "1413"]
[PlyCount "89"]
[WhiteFideId "12988545"]
[BlackFideId "12918210"]
[EventCountry "GER"]
[EventRounds "9"]
[EventType "swiss"]
[EventDate "2014.06.07"]

1. e4 e5 2. Nf3 Nc6 3. Bc4 Nf6 4. d3 Bc5 5. Bg5 d6 6. h3 h6 7. Bh4 g5 8. Nxg5
hxg5 9. Bxg5 Bxf2+ 10. Kxf2 Nxe4+ 11. dxe4 Qxg5 12. Qf3 f5 13. Bd3 Rf8 14. h4
Qg6 15. Kg1 Nd4 16. Qe3 Rg8 17. Rh2 Qg4 18. Nd2 f4 19. Qf2 Be6 20. c3 Nc6 21.
Be2 Qg6 22. h5 Qf6 23. h6 O-O-O 24. h7 Rh8 25. g3 Rd7 26. gxf4 Qxf4 27. Qxf4
exf4 28. Nf3 Rg7+ 29. Kf2 Ne5 30. Nxe5 dxe5 31. Rh6 Rgxh7 32. Rxe6 Rh2+ 33. Kf3
R8h3+ 34. Kg4 Rg3+ 35. Kf5 Rxe2 36. Rxe5 Rxb2 37. Kxf4 Rgg2 38. Rd1 Rgf2+ 39.
Kg3 Rf8 40. Rf5 Rg8+ 41. Kf3 Rbg2 42. Ke3 R2g3+ 43. Rf3 R3g5 44. Rf5 Rg3+ 45.
Rf3 1/2-1/2

[Event "DEM U16w 2014"]
[Site "Magdeburg GER"]
[Date "2014.06.09"]
[Round "3"]
[White "Merker, Vivien"]
[Black "Hartmann, Jasmin"]
[Result "1-0"]
[Termination "normal"]
[Board "15"]
[WhiteElo "1221"]
[BlackElo "1329"]
[PlyCount "133"]
[WhiteFideId "12927260"]
[BlackFideId "12988898"]
[EventCountry "GER"]
[EventRounds "9"]
[EventType "swiss"]
[EventDate "2014.06.07"]

1. e4 d5 2. exd5 Qxd5 3. Nc3 Qd6 4. d4 Bf5 5. Nf3 Nf6 6. Nb5 Qb6 7. c4 c6 8.
Nc3 Nbd7 9. Be2 e6 10. a3 a5 11. O-O Be7 12. Bd3 O-O 13. Bxf5 exf5 14. Qd3 Rfe8
15. Qxf5 g6 16. Qd3 Rad8 17. Rb1 c5 18. d5 Qc7 19. Nb5 Qb8 20. Bd2 b6 21. Rfe1
Bf8 22. Bg5 Bg7 23. Bh4 Qf4 24. Bg3 Qh6 25. Red1 Nh5 26. Bc7 Rc8 27. Nd6 Rxc7
28. Nxe8 Rc8 29. Nxg7 Qxg7 30. Re1 Nf4 31. Qe3 Qf6 32. g3 Nh5 33. Qg5 Qxf3 34.
Qe3 Qf6 35. Qe7 Qf5 36. Qe4 Qg5 37. Kg2 Ndf6 38. h4 Nxe4 39. hxg5 Nxg5 40. Re7
Kf8 41. Rb7 Re8 42. Rxb6 Re4 43. b3 f5 44. d6 Rd4 45. Re1 Ne4 46. Ra6 Nxd6 47.
Rxa5 Rd3 48. Rxc5 Rxb3 49. a4 f4 50. Rxh5 gxh5 51. c5 Ne8 52. gxf4 Rb4 53. a5
Rb5 54. Re5 Rxa5 55. Rxh5 Nf6 56. Rf5 Ke7 57. Re5+ Kd7 58. c6+ Kxc6 59. Rxa5
Kd6 60. Kg3 Ne4+ 61. Kf3 Nf6 62. Ra6+ Ke7 63. f5 h5 64. Kg3 Ne4+ 65. Kh4 Nxf2
66. Kxh5 Ne4 67. Re6+ 1-0

[Event "DEM U16w 2014"]
[Site "Magdeburg GER"]
[Date "2014.06.10"]
[Round "4"]
[White "Bluhm, Sonja Maria"]
[Black "Fesselier, Melissa"]
[Result "1-0"]
[Termination "normal"]
[Board "1"]
[WhiteElo "2095"]
[BlackElo "1818"]
[WhiteClock "00:04:42"]
[BlackClock "00:07:54"]
[PlyCount "57"]
[WhiteFideId "24654027"]
[BlackFideId "20689284"]
[EventCountry "GER"]
[EventRounds "9"]
[EventType "swiss"]
[EventDate "2014.06.07"]

1. e4 c5 2. d3 Nc6 3. g3 g6 4. Bg2 Bg7 5. f4 b6 6. Nf3 Bb7 7. O-O d6 8. c3 e5
9. f5 Qd7 10. Bh3 Qe7 11. Kg2 Nf6 12. c4 Bc8 13. Nh4 Nd4 14. Nc3 Qd8 15. Be3
Bd7 16. Qd2 O-O 17. Bg5 a6 18. Nd5 b5 19. b3 b4 20. Rf2 a5 21. Raf1 Kh8 22.
Bxf6 Bxf6 23. Nxf6 Qxf6 24. fxg6 Bxh3+ 25. Kxh3 Qe6+ 26. Kg2 Qe7 27. Rxf7 Rxf7
28. Rxf7 Qe6 29. Qh6 1-0

[Event "DEM U16w 2014"]
[Site "Magdeburg GER"]
[Date "2014.06.10"]
[Round "4"]
[White "Heinemann, Josefine"]
[Black "Wiesner, Paula"]
[Result "0-1"]
[Termination "normal"]
[Board "2"]
[WhiteElo "2024"]
[BlackElo "1949"]
[WhiteClock "00:09:29"]
[BlackClock "00:06:36"]
[PlyCount "104"]
[WhiteFideId "12900460"]
[BlackFideId "24654019"]
[EventCountry "GER"]
[EventRounds "9"]
[EventType "swiss"]
[EventDate "2014.06.07"]

1. e4 e6 2. d4 d5 3. Nc3 Nc6 4. Nf3 Nf6 5. e5 Ne4 6. Ne2 f6 7. Ng3 fxe5 8. Bb5
Bd7 9. Bxc6 Bxc6 10. Nxe5 Qf6 11. Nxe4 dxe4 12. Nxc6 bxc6 13. O-O Bd6 14. c3
O-O 15. Qe2 Qf5 16. Be3 Kh8 17. f4 exf3 18. Rxf3 Qe4 19. Raf1 Rxf3 20. Qxf3 Qd5
21. b3 e5 22. c4 Qxf3 23. Rxf3 e4 24. Rf5 Kg8 25. c5 Rf8 26. Rxf8+ Bxf8 27. Bf4
Kf7 28. Kf2 Ke6 29. Ke3 Kd5 30. Bxc7 g6 31. Be5 Bxc5 32. g4 Be7 33. Bb8 Bg5+
34. Ke2 a6 35. Ba7 Bf4 36. h4 h5 37. gxh5 gxh5 38. Kf2 Bd6 39. Bb6 Be7 40. Kg3
Bf6 41. Bc5 Bxd4 42. Be7 Be5+ 43. Kf2 Bd4+ 44. Ke2 Ke6 45. Bb4 Kf5 46. a4 Bf6
47. Be1 Kg4 48. Ke3 Bxh4 49. Bc3 Kf5 50. Bb4 Bf6 51. Be1 h4 52. Kd4 Ke5+ 0-1

[Event "DEM U16w 2014"]
[Site "Magdeburg GER"]
[Date "2014.06.10"]
[Round "4"]
[White "Schwarz, Larissa"]
[Black "Manusina, Nicole"]
[Result "1-0"]
[Termination "normal"]
[Board "3"]
[WhiteElo "1895"]
[BlackElo "1871"]
[WhiteClock "00:03:33"]
[BlackClock "00:10:19"]
[PlyCount "145"]
[WhiteFideId "24699004"]
[BlackFideId "24657514"]
[EventCountry "GER"]
[EventRounds "9"]
[EventType "swiss"]
[EventDate "2014.06.07"]

1. e4 d5 2. exd5 Qxd5 3. Nc3 Qd6 4. d4 Nf6 5. Nf3 a6 6. g3 Bg4 7. Bg2 Nc6 8. h3
Bh5 9. O-O O-O-O 10. Be3 e5 11. dxe5 Nxe5 12. g4 Bg6 13. Nxe5 Qxe5 14. Qf3 c6
15. Bf4 Qa5 16. a3 Bd6 17. Be3 Bxc2 18. Rfc1 Bb3 19. g5 Nd7 20. Ne2 Ne5 21.
Qf5+ Be6 22. Qc2 Kb8 23. Nd4 Rhe8 24. Nxe6 Rxe6 25. b4 Qb5 26. Qxh7 Nd3 27. Rd1
Nb2 28. Rd4 Rde8 29. Qc2 Na4 30. Rad1 Bc7 31. Bf1 Qe5 32. Bf4 Qxf4 33. Rxf4
Bxf4 34. Qxa4 Bxg5 35. Qc2 Bh4 36. Rd4 Bf6 37. Rd7 R6e7 38. Rxe7 Rxe7 39. Qd2
Kc7 40. a4 Re5 41. Qf4 Kb8 42. Bc4 Ka7 43. Bxf7 Re1+ 44. Kg2 Ra1 45. Qe3+ Kb8
46. Bb3 Rb1 47. Bc2 Rxb4 48. Qg3+ Ka7 49. Qd3 c5 50. Qf5 Bd4 51. h4 Rb6 52. f3
Rf6 53. Qd5 Rb6 54. Kh3 Rb2 55. Be4 Be3 56. h5 Rb6 57. Kg4 Bd4 58. f4 Rb4 59.
Kg5 Be3 60. Kg6 Bd4 61. Kf7 Rb6 62. Ke8 Rb4 63. Kd8 Be3 64. Qf7 Rxe4 65. Kc8
Rb4 66. Qxg7 Bxf4 67. h6 Bxh6 68. Qxh6 Rxa4 69. Qd6 c4 70. Qc5+ Ka8 71. Qb6 Rb4
72. Qxb4 b5 73. Qe7 1-0